[Event "AUT98_M-ch"]
[Site "Werfen"]
[Date "1998.08.09"]
[Round "2.10"]
[White "Wittmann, Walter "]
[Black "Hiermann, Dietmar"]
[Result "1/2-1/2"]
[WhiteElo "2380"]
[BlackElo "2205"]
[PlyCount "86"]
[EventDate "1998.08.15"]

1. e4 e5 2. Nf3 Nc6 3. Bb5 f5 4. Nc3 fxe4 5. Nxe4 Nf6 6. Nxf6+ Qxf6 7. O-O Nd4
8. Nxd4 exd4 9. Bd3 g6 10. Qe2+ Be7 11. Re1 d5 12. f3 Kf7 13. Qe5 Qxe5 14. Rxe5
Be6 15. Bf1 Bd6 16. Re1 Rae8 17. d3 h6 18. Bd2 g5 19. g3 Bd7 20. Bg2 c6 21. Kf2
Kg6 22. Rxe8 Rxe8 23. Re1 Rxe1 24. Bxe1 h5 25. Ke2 Be6 26. Kd1 Be5 27. a4 c5
28. Bd2 Bd6 29. Ke2 b6 30. b3 Kf6 31. Kf2 Kg6 32. Bf1 Bd7 33. Kg2 Kf5 34. Be2
Kg6 35. g4 Bf4 36. Bxf4 gxf4 37. h4 a5 38. Kh2 b5 39. axb5 Bxb5 40. Kg2 a4 41.
bxa4 Bxa4 42. Kf2 Bxc2 43. Ke1 Ba4 1/2-1/2

[Event "AUT98_M-ch"]
[Site "Werfen"]
[Date "1998.08.09"]
[Round "2.18"]
[White "Weiss, Christian"]
[Black "Petschar, Kurt"]
[Result "1-0"]
[WhiteElo "2370"]
[BlackElo "2260"]
[PlyCount "79"]
[EventDate "1998.08.15"]

1. Nf3 d5 2. c4 c6 3. b3 Bg4 4. Bb2 Nd7 5. d3 Bxf3 6. gxf3 e5 7. cxd5 cxd5 8.
Bg2 Bb4+ 9. Bc3 Bxc3+ 10. Nxc3 Qa5 11. Qd2 Rc8 12. Na4 Qxd2+ 13. Kxd2 Ngf6 14.
Rac1 Ke7 15. Rxc8 Rxc8 16. Rc1 Rxc1 17. Kxc1 Kd6 18. Kd2 b5 19. Nb2 d4 20. e3
Nd5 21. Nd1 g6 22. f4 exf4 23. exd4 N7b6 24. Bf3 f5 25. Nb2 a6 26. a4 g5 27.
Nc4+ Kc7 28. axb5 axb5 29. Ne5 g4 30. Bd1 b4 31. Nf7 h5 32. h3 gxh3 33. Bxh5 h2
34. Bf3 Kd7 35. Ke2 Nc3+ 36. Kf1 Ke7 37. Ng5 Kf6 38. Nh3 Nbd5 39. Kg2 Nb1 40.
Bxd5 1-0

[Event "AUT98_M-ch"]
[Site "Werfen"]
[Date "1998.08.09"]
[Round "2.11"]
[White "Mahdy, Khaled"]
[Black "Hebesberger, Thomas"]
[Result "0-1"]
[WhiteElo "2365"]
[BlackElo "2195"]
[PlyCount "98"]
[EventDate "1998.08.15"]

1. e4 c5 2. Nf3 d6 3. c3 Nf6 4. Bd3 g6 5. O-O Bg7 6. Bb5+ Nbd7 7. Re1 a6 8. Ba4
b5 9. Bc2 Bb7 10. d3 O-O 11. Nbd2 Qc7 12. Nf1 Ne5 13. Nh4 b4 14. f4 Nc6 15. Bd2
Nd7 16. Ne3 a5 17. Rf1 Ba6 18. Rf3 e6 19. Ng4 Qb8 20. Rh3 f5 21. exf5 exf5 22.
Ne3 Nf6 23. a3 Re8 24. Qf3 d5 25. Rg3 bxc3 26. bxc3 Bc8 27. Ba4 Ra6 28. Rb1 Qd6
29. Rg5 Be6 30. Rb7 Re7 31. Rb1 d4 32. Nc2 dxc3 33. Bxc3 Nd4 34. Bxd4 cxd4 35.
h3 Nd5 36. Bb3 Nxf4 37. Bxe6+ Nxe6 38. Rxf5 gxf5 39. Nxf5 Rf7 40. Qh5 Rxf5 41.
Qxf5 Qe5 42. Qf3 Ng5 43. Qg4 Ra8 44. Rf1 Rf8 45. Rxf8+ Kxf8 46. Qc8+ Kf7 47.
Qd7+ Kg6 48. h4 Ne6 49. Qe8+ Kf6 0-1

[Event "AUT98_M-ch"]
[Site "Werfen"]
[Date "1998.08.09"]
[Round "2.12"]
[White "Casagrande, Harald"]
[Black "Neihs, Harald"]
[Result "1-0"]
[WhiteElo "2360"]
[BlackElo "2180"]
[PlyCount "84"]
[EventDate "1998.08.15"]

1. d4 d5 2. c4 e6 3. Nc3 f5 4. g3 Nf6 5. Bg2 c6 6. Nf3 Bd6 7. O-O O-O 8. Qc2
Bd7 9. Bf4 Bxf4 10. gxf4 Ne4 11. Ne5 Be8 12. f3 Nd6 13. c5 Nf7 14. Nd3 Qf6 15.
e3 Na6 16. b4 Nc7 17. a4 a6 18. Kh1 Kh8 19. Rg1 Nh6 20. Bf1 Ng8 21. Ne5 Ne7 22.
Bd3 Ng6 23. Rg3 Rg8 24. Rag1 Nf8 25. Ne2 g6 26. Rg5 Nd7 27. Qd1 Nxe5 28. fxe5
Qe7 29. Nf4 Bf7 30. Qe1 Kg7 31. Qh4 Qd8 32. Nh5+ Kf8 33. Nf6 Rh8 34. Rxg6 Bxg6
35. Rxg6 h5 36. Qg5 Ne8 37. Nh7+ Kf7 38. Qh6 Rg8 39. Ng5+ Qxg5 40. Rxg5 Rxg5
41. Qxg5 Ng7 42. Qf6+ Kg8 1-0

[Event "AUT98_M-ch"]
[Site "Werfen"]
[Date "1998.08.09"]
[Round "2.13"]
[White "Wersching, Alfred"]
[Black "Moser, Guenter "]
[Result "0-1"]
[WhiteElo "2100"]
[BlackElo "2355"]
[PlyCount "86"]
[EventDate "1998.08.15"]

1. d4 f5 2. g3 Nf6 3. Bg2 g6 4. Nf3 Bg7 5. O-O O-O 6. c4 d6 7. Nc3 Nc6 8. d5
Ne5 9. Nxe5 dxe5 10. e4 f4 11. Qe2 g5 12. f3 fxg3 13. hxg3 Nh5 14. Kh2 Qe8 15.
Nd1 Qg6 16. Nf2 a5 17. Bd2 Ra6 18. Bh3 Bxh3 19. Nxh3 e6 20. Rac1 h6 21. Nf2 Nf6
22. Bc3 Nd7 23. Nd3 Re8 24. b3 Raa8 25. a3 b6 26. Kg2 Re7 27. Qb2 g4 28. Qe2
gxf3+ 29. Rxf3 Rae8 30. Rcf1 exd5 31. cxd5 Nf6 32. Rf5 Ng4 33. Nf2 Nf6 34. Nh3
Nh5 35. g4 Nf6 36. g5 Nh7 37. b4 axb4 38. Bxb4 Rd7 39. Qg4 hxg5 40. Nxg5 Bf6
41. Rxf6 Nxf6 42. Qh4 Rg7 43. Bd2 Nxe4 0-1

[Event "AUT98_M-ch"]
[Site "Werfen"]
[Date "1998.08.09"]
[Round "2.14"]
[White "Kummer, Helmut"]
[Black "Senoner, Erich Jun"]
[Result "1-0"]
[WhiteElo "2315"]
[BlackElo "2160"]
[PlyCount "81"]
[EventDate "1998.08.15"]

1. d4 Nf6 2. c4 c5 3. d5 b5 4. Nd2 bxc4 5. e4 Qa5 6. Qc2 Ba6 7. Bxc4 d6 8. Ngf3
Bxc4 9. Qxc4 Nbd7 10. O-O g6 11. Qc2 Bg7 12. Nc4 Qc7 13. Bd2 O-O 14. h3 Nb6 15.
b3 Nxc4 16. bxc4 Nd7 17. Rab1 Rab8 18. Bg5 Bf6 19. Bxf6 exf6 20. Qa4 Rb6 21.
Rb3 Rxb3 22. axb3 Rb8 23. Ra1 Rb7 24. Nd2 Ne5 25. Qa2 Nd3 26. Qc2 Nb4 27. Qc3
Qe7 28. f4 Rb6 29. Re1 Ra6 30. Nf3 Ra2 31. e5 Rc2 32. exd6 Qxd6 33. Qe3 Kg7 34.
Nd2 f5 35. Nf3 Qf6 36. Rd1 Rc3 37. Qxc5 Nd3 38. Qd4 Qxd4+ 39. Nxd4 Nxf4 40. d6
Kf6 41. d7 1-0

[Event "AUT98_M-ch"]
[Site "Werfen"]
[Date "1998.08.09"]
[Round "2.15"]
[White "Rolletschek, Heinrich "]
[Black "Genser, Harald"]
[Result "1/2-1/2"]
[WhiteElo "2300"]
[BlackElo "2155"]
[PlyCount "108"]
[EventDate "1998.08.15"]

1. e4 c5 2. Nf3 d6 3. d4 cxd4 4. Qxd4 Bd7 5. c4 Nc6 6. Qd2 g6 7. b3 Bg7 8. Nc3
Nf6 9. Bb2 O-O 10. Be2 Qa5 11. Rb1 a6 12. a3 b5 13. b4 Qb6 14. Nd5 Nxd5 15.
cxd5 Ne5 16. Nxe5 Bxe5 17. Bxe5 dxe5 18. O-O Rac8 19. Rbc1 Kg7 20. g3 f6 21.
Rfd1 Rxc1 22. Rxc1 Rc8 23. Rxc8 Bxc8 24. Qc3 Bd7 25. Qc5 Qd6 26. f3 Kf7 27. Kf2
Qb8 28. Bd1 Qd6 29. h4 Qb8 30. Ke3 h6 31. Kd2 Ke8 32. Qe3 g5 33. Be2 Kd8 34.
Qg1 Qc7 35. Qc5 Qd6 36. Qa7 Bc8 37. Kc3 Qd7 38. Qb6+ Qc7+ 39. Qc5 Bd7 40. a4
Qb7 41. d6 e6 42. a5 Qc6 43. Bd1 Kc8 44. Kb2 Kb7 45. Ka3 gxh4 46. gxh4 f5 47.
Bb3 Qxc5 48. bxc5 f4 49. Kb4 Kc6 50. Ba2 Bc8 51. Bb1 Bd7 52. Bd3 Kb7 53. Bf1
Bc6 54. Bh3 Bd7 1/2-1/2

[Event "AUT98_M-ch"]
[Site "Werfen"]
[Date "1998.08.09"]
[Round "2.16"]
[White "Postl, Anton"]
[Black "Raffalt, Manfred"]
[Result "1-0"]
[WhiteElo "2295"]
[BlackElo "2180"]
[PlyCount "70"]
[EventDate "1998.08.15"]

1. d4 e6 2. c4 f5 3. g3 Nf6 4. Bg2 Be7 5. Nh3 d6 6. Qb3 c6 7. O-O O-O 8. Nf4
Kh8 9. Rd1 Na6 10. Nc3 Qe8 11. Nd3 Qh5 12. Qc2 Nc7 13. b4 e5 14. dxe5 dxe5 15.
Nxe5 Bxb4 16. Rb1 Be7 17. Be3 Ne6 18. f4 Bc5 19. Bxc5 Nxc5 20. Qd2 Ng4 21. Nxg4
fxg4 22. Qd6 Be6 23. Nd5 b6 24. Nc7 Rad8 25. Qxd8 Rxd8 26. Rxd8+ Bg8 27. Rbd1
h6 28. Bxc6 Kh7 29. Bd5 Bxd5 30. cxd5 Qf5 31. Ne6 Nxe6 32. dxe6 Qxe6 33. R1d2
h5 34. Kf2 b5 35. R8d6 Qe4 1-0

[Event "AUT98_M-ch"]
[Site "Werfen"]
[Date "1998.08.09"]
[Round "2.17"]
[White "Wiedner, Robert"]
[Black "Sulyok, Michael"]
[Result "1/2-1/2"]
[WhiteElo "2190"]
[BlackElo "2270"]
[PlyCount "96"]
[EventDate "1998.08.15"]

1. e4 g6 2. f4 Bg7 3. Nf3 d5 4. e5 h5 5. c4 c6 6. Nc3 Nh6 7. Qb3 e6 8. d4 Nf5
9. c5 b6 10. Na4 Nd7 11. Qc2 bxc5 12. dxc5 Ba6 13. Bd2 Bxf1 14. Rxf1 Qc7 15.
Qd3 a5 16. a3 O-O 17. Kf2 f6 18. exf6 Bxf6 19. Rfe1 e5 20. fxe5 Nxe5 21. Rxe5
Bxe5 22. Kg1 Bf4 23. Nb6 Rae8 24. Bxa5 Be3+ 25. Kh1 Bxc5 26. Nc4 Qf4 27. Ncd2
Qe3 28. Qa6 Nd4 29. Bc3 Nxf3 30. Qxc6 Nh4 31. Nf3 Qe6 32. Qxc5 Nxf3 33. gxf3
Qf5 34. Rf1 Qd3 35. Kg2 Re2+ 36. Kg1 Qf5 37. Kh1 Re4 38. Rf2 Rf4 39. Qe7 Qf7
40. Qe5 Kh7 41. Kg1 Re8 42. Qd6 h4 43. Be5 Rf5 44. Bc3 Rg5+ 45. Kf1 Qb7 46. Re2
Rxe2 47. Kxe2 Qf7 48. Qd8 Rg2+ 1/2-1/2

[Event "AUT98_M-ch"]
[Site "Werfen"]
[Date "1998.08.09"]
[Round "2.19"]
[White "Kranewitter, Norbert"]
[Black "Herndl, Harald "]
[Result "1/2-1/2"]
[WhiteElo "2180"]
[BlackElo "2375"]
[PlyCount "43"]
[EventDate "1998.08.15"]

1. e4 e6 2. d4 d5 3. e5 c5 4. c3 Nc6 5. Nf3 Nh6 6. dxc5 Bxc5 7. b4 Bb6 8. b5
Na5 9. Bxh6 gxh6 10. Qd2 Qe7 11. Qxh6 Bd7 12. Bd3 O-O-O 13. O-O Rdf8 14. Nbd2
f6 15. Qh4 Qg7 16. Rae1 Rhg8 17. g3 h5 18. Kg2 Qh6 19. h3 f5 20. Kh2 f4 21. g4
Qg7 22. Qxh5 1/2-1/2

[Event "AUT98_M-ch"]
[Site "Werfen"]
[Date "1998.08.09"]
[Round "2.20"]
[White "Grabher, Heinz"]
[Black "Waldmann, Gerald"]
[Result "1/2-1/2"]
[WhiteElo "2285"]
[BlackElo "2175"]
[PlyCount "61"]
[EventDate "1998.08.15"]

1. e4 e6 2. d4 d5 3. Nc3 Bb4 4. Bd2 dxe4 5. Qg4 Qxd4 6. Nf3 Nh6 7. Qf4 e5 8.
Qxe5+ Qxe5 9. Nxe5 Ng4 10. Nxg4 Bxg4 11. Nxe4 Bxd2+ 12. Kxd2 Nc6 13. Re1 O-O-O+
14. Kc1 f6 15. f3 Bf5 16. Bd3 Bg6 17. Bc4 Bxe4 18. Be6+ Kb8 19. Rxe4 Rhe8 20.
Rhe1 h6 21. h4 Rd4 22. Bf5 Rdxe4 23. Rxe4 Rxe4 24. Bxe4 Ne7 25. b4 c6 26. f4 b6
27. Kd2 Kc7 28. Kd3 Kd6 29. a3 Ng8 30. Kd4 Ne7 31. c3 1/2-1/2

[Event "AUT98_M-ch"]
[Site "Werfen"]
[Date "1998.08.09"]
[Round "2.21"]
[White "Gerhold, Michael"]
[Black "Hinteregger, Arthur"]
[Result "1-0"]
[WhiteElo "2265"]
[BlackElo "2160"]
[PlyCount "75"]
[EventDate "1998.08.15"]

1. e4 e6 2. d4 d5 3. Nc3 Nf6 4. e5 Nfd7 5. f4 c5 6. Nf3 Nc6 7. Be3 Qb6 8. Na4
Qa5+ 9. c3 c4 10. b4 Qc7 11. Nb2 f6 12. Be2 Be7 13. O-O O-O 14. Qd2 a5 15. b5
Nd8 16. a4 Nb6 17. Bd1 Bd7 18. Bc2 f5 19. h3 Be8 20. g4 Bg6 21. Kg2 Rf7 22. Nd1
fxg4 23. hxg4 Bxc2 24. Qxc2 g6 25. Nf2 Rg7 26. g5 Nd7 27. Ng4 Nf8 28. Nf6+ Kh8
29. Rh1 Rf7 30. Rh6 b6 31. Rah1 Bxf6 32. gxf6 Kg8 33. Bc1 Ra7 34. Ba3 Qd7 35.
Bxf8 Rxf8 36. Qxg6+ hxg6 37. Rh8+ Kf7 38. Rxf8+ 1-0

[Event "AUT98_M-ch"]
[Site "Werfen"]
[Date "1998.08.09"]
[Round "2.22"]
[White "Schumi, Manfred "]
[Black "Obermayr, Hermann"]
[Result "1-0"]
[WhiteElo "2260"]
[BlackElo "2160"]
[PlyCount "75"]
[EventDate "1998.08.15"]

1. e4 e6 2. d4 d5 3. Nd2 Nf6 4. e5 Nfd7 5. f4 c5 6. Ne2 cxd4 7. Nxd4 Nxe5 8.
Nxe6 fxe6 9. fxe5 Bc5 10. Qg4 Qc7 11. Nf3 Nc6 12. Bf4 O-O 13. Bd3 Qb6 14. Bh6
Qb4+ 15. Qxb4 Nxb4 16. Bd2 Nxd3+ 17. cxd3 Bd7 18. Ke2 h6 19. Rac1 Rac8 20. Be3
b6 21. Bxc5 bxc5 22. Rc2 Rc6 23. Rhc1 Rb8 24. b3 Ra6 25. Ke3 d4+ 26. Kf4 Rf8+
27. Kg3 Bc6 28. Rxc5 Bxf3 29. gxf3 Rxa2 30. R1c4 Rd8 31. Ra4 Rd2 32. Rxa7 Rxd3
33. Rcc7 g5 34. Kg4 Rxb3 35. Rg7+ Kh8 36. Kh5 Rxf3 37. Rh7+ Kg8 38. Kg6 1-0

[Event "AUT98_M-ch"]
[Site "Werfen"]
[Date "1998.08.09"]
[Round "2.23"]
[White "Buerger, Thomas "]
[Black "Hellmayr, Alois "]
[Result "0-1"]
[WhiteElo "2159"]
[BlackElo "2240"]
[PlyCount "102"]
[EventDate "1998.08.15"]

1. Nc3 e6 2. Nf3 c5 3. e4 d6 4. d4 cxd4 5. Qxd4 a6 6. Be3 Nc6 7. Qd2 Nf6 8. a4
Be7 9. Be2 Qc7 10. O-O b6 11. Bf4 Bb7 12. Bd3 O-O 13. Qe2 Nd7 14. Rad1 Nde5 15.
Bg3 Rfd8 16. Nxe5 dxe5 17. f4 exf4 18. Rxf4 Bd6 19. Rg4 Ne5 20. Rh4 g6 21. Rh3
Rd7 22. Rf1 Bf8 23. Bf4 Bg7 24. Kh1 Qc5 25. Bxe5 Qxe5 26. Qf2 Qa5 27. Nd1 Qxa4
28. Rh4 h5 29. Nc3 Qd4 30. g4 hxg4 31. Rxg4 Rc8 32. Qh4 Kf8 33. Rg3 Ke8 34. Ne2
Qe5 35. Rgf3 Qh5 36. Qf2 Rcc7 37. Qxb6 Be5 38. Qf2 g5 39. Ng3 Qh4 40. Qg2 f5
41. Nxf5 exf5 42. Rxf5 Re7 43. Rxg5 Bxb2 44. Rf8+ Kd7 45. Bb5+ axb5 46. Qd2+
Ke6 47. Rg6+ Bf6 48. Kg1 Rf7 49. Re8+ Rce7 50. Rd8 Rg7 51. Qd6+ Kf7 0-1

[Event "AUT98_M-ch"]
[Site "Werfen"]
[Date "1998.08.09"]
[Round "2.24"]
[White "Steinermayr, Thomas"]
[Black "Hardt, Christian"]
[Result "0-1"]
[WhiteElo "2220"]
[BlackElo "2135"]
[PlyCount "75"]
[EventDate "1998.08.15"]

1. e4 d6 2. d4 Nf6 3. Nc3 e5 4. Nf3 Nbd7 5. Bg5 c6 6. Qd2 Be7 7. O-O-O b5 8.
Qe1 b4 9. Nb1 Qa5 10. a3 c5 11. axb4 cxb4 12. Bc4 O-O 13. Bd2 Qc7 14. Qe2 Nb6
15. Bd3 a5 16. h3 Be6 17. g4 Rfc8 18. g5 Ne8 19. d5 Bd7 20. h4 Ba4 21. Be3 Nc4
22. Ne1 Bb3 23. Nd2 Nxe3 24. Qxe3 Ba2 25. Nb1 a4 26. Kd2 a3 27. bxa3 Bxb1 28.
Rxb1 Qc3+ 29. Ke2 bxa3 30. Nf3 a2 31. Ra1 Bd8 32. Nd2 Ra3 33. Nb3 Rb8 34. Qd2
Qb2 35. Qc1 Raxb3 36. Bc4 Rc3 37. Bd3 Ba5 38. Qe3 0-1

[Event "AUT98_M-ch"]
[Site "Werfen"]
[Date "1998.08.09"]
[Round "2.25"]
[White "Neuschmied, Siegfried"]
[Black "Zoister, Stefan"]
[Result "0-1"]
[WhiteElo "2200"]
[BlackElo "2105"]
[PlyCount "82"]
[EventDate "1998.08.15"]

1. e4 c6 2. d4 d5 3. Nc3 dxe4 4. Nxe4 Nd7 5. Ng5 Ngf6 6. Bd3 e6 7. N1f3 Bd6 8.
Qe2 h6 9. Ne4 Nxe4 10. Qxe4 Nf6 11. Qe2 b6 12. Bd2 Bb7 13. O-O-O Qc7 14. Ne5
O-O 15. g4 c5 16. Rhg1 cxd4 17. f4 Bxe5 18. g5 Nd7 19. gxh6 g6 20. Qh5 Nf6 21.
Qh4 Be4 22. Kb1 Bxd3 23. cxd3 Rac8 24. Rc1 Qd6 25. Rce1 Nd5 26. fxe5 Qc7 27.
h7+ Kh8 28. Bg5 Qc2+ 29. Ka1 Qxd3 30. Rgf1 f5 31. Rd1 Qe4 32. Rxd4 Qxh4 33.
Rxh4 Rf7 34. Rh6 Kg7 35. Kb1 f4 36. Rf3 Rh8 37. Rfh3 Rf5 38. Bh4 Kxh6 39. Bf6+
Rh5 40. Rxh5+ gxh5 41. Bxh8 Kxh7 0-1

[Event "AUT98_M-ch"]
[Site "Werfen"]
[Date "1998.08.09"]
[Round "2.26"]
[White "Stichlberger, Martin "]
[Black "Steiner, Bruno"]
[Result "1-0"]
[WhiteElo "2113"]
[BlackElo "2185"]
[PlyCount "49"]
[EventDate "1998.08.15"]

1. Nc3 c5 2. d4 cxd4 3. Qxd4 Nc6 4. Qh4 d6 5. Bd2 g6 6. O-O-O Bg7 7. e4 a6 8.
f4 Qb6 9. Bc4 Nf6 10. Bb3 Be6 11. Nf3 Bxb3 12. axb3 O-O 13. Rhe1 Rac8 14. Kb1
Nd7 15. Nd5 Qd8 16. Bc3 Bxc3 17. Ng5 h5 18. Nxc3 Nb4 19. Re3 Qa5 20. g4 Kg7 21.
gxh5 Rh8 22. Ne6+ Kg8 23. Qxe7 Qxh5 24. Qxd7 Rxc3 25. Qe8+ 1-0

[Event "AUT98_M-ch"]
[Site "Werfen"]
[Date "1998.08.10"]
[Round "3.1"]
[White "Stanec, Nikolaus"]
[Black "Danner, Georg"]
[Result "1-0"]
[WhiteElo "2495"]
[BlackElo "2340"]
[PlyCount "78"]
[EventDate "1998.08.15"]

1. e4 c5 2. Nf3 d6 3. Bb5+ Bd7 4. Bxd7+ Nxd7 5. O-O Ngf6 6. Qe2 e6 7. b3 Be7 8.
Bb2 O-O 9. c4 a6 10. d4 cxd4 11. Nxd4 Qc7 12. Nc3 Rfe8 13. Rad1 Bf8 14. f4 e5
15. fxe5 Rxe5 16. Qf3 Nc5 17. Nf5 g6 18. Nh6+ Bxh6 19. Qxf6 Bg7 20. Nd5 Bxf6
21. Nxc7 Re7 22. Rxf6 Rxc7 23. Rfxd6 Kf8 24. Bf6 Re8 25. e5 Ne4 26. Rd7 Rxd7
27. Rxd7 b5 28. cxb5 axb5 29. Rb7 Rc8 30. h4 Ke8 31. Rxb5 h5 32. a4 Rc1+ 33.
Kh2 Kd7 34. Rb4 Nf2 35. Kg3 Ng4 36. Kf4 Rf1+ 37. Ke4 Re1+ 38. Kd4 Rd1+ 39. Kc5
Ke6 1-0

[Event "AUT98_M-ch"]
[Site "Werfen"]
[Date "1998.08.10"]
[Round "3.2"]
[White "Wach, Markus"]
[Black "Schneider-Zinner, Harald"]
[Result "1/2-1/2"]
[WhiteElo "2395"]
[BlackElo "2300"]
[PlyCount "115"]
[EventDate "1998.08.15"]

1. e4 e6 2. d4 d5 3. e5 c5 4. c3 Nc6 5. Nf3 Bd7 6. a3 c4 7. Be2 Na5 8. Nbd2 Bc6
9. O-O Qd7 10. Qc2 Ba4 11. Qb1 Be7 12. Ne1 h5 13. Nc2 g6 14. h3 h4 15. Nf3 Nb3
16. Ra2 O-O-O 17. Be3 Nh6 18. Bxh6 Rxh6 19. Ne3 Rh5 20. Ng4 Qc7 21. Bd1 Rdh8
22. Bc2 Kb8 23. Re1 a6 24. Re3 Ka7 25. Qd1 Qb6 26. Re1 Rc8 27. Qe2 a5 28. Qe3
Qc7 29. Nf6 Rhh8 30. Qf4 Bxf6 31. Qxf6 Rcg8 32. Nxh4 g5 33. Nf3 Rh5 34. Nh2 Nd2
35. Bb1 Nxb1 36. Rxb1 Bc2 37. Rf1 Bf5 38. g4 Rg6 39. gxh5 Rxf6 40. exf6 Bxh3
41. Re1 Qf4 42. Re3 g4 43. Ra1 Qxf6 44. Nf1 Bxf1 45. Rxf1 Qh4 46. Re5 f5 47.
Rxe6 f4 48. f3 Qg3+ 49. Kh1 Qh3+ 50. Kg1 g3 51. Re2 Qxh5 52. a4 b5 53. Rfe1
bxa4 54. Re7+ Kb8 55. Re8+ Kc7 56. R1e7+ Kd6 57. Re6+ Kd7 58. R6e7+ 1/2-1/2

[Event "AUT98_M-ch"]
[Site "Werfen"]
[Date "1998.08.10"]
[Round "3.3"]
[White "Kummer, Helmut"]
[Black "Hoelzl, Franz"]
[Result "0-1"]
[WhiteElo "2315"]
[BlackElo "2410"]
[PlyCount "74"]
[EventDate "1998.08.15"]

1. d4 Nf6 2. c4 e6 3. Nf3 d5 4. Nc3 dxc4 5. e3 a6 6. a4 c5 7. Bxc4 Nc6 8. O-O
Be7 9. h3 O-O 10. Bb3 Qb6 11. d5 exd5 12. Nxd5 Nxd5 13. Bxd5 Nb4 14. e4 Nxd5
15. exd5 Rd8 16. Qe2 Bf6 17. Bg5 Bxg5 18. Nxg5 Qg6 19. Qe7 Bf5 20. g4 Rd7 21.
gxf5 Qxf5 22. Qe3 Rxd5 23. Ne4 Rad8 24. Rfe1 h6 25. Kg2 b6 26. Ra3 Re5 27. Qf3
Qxf3+ 28. Kxf3 f5 29. Rb3 fxe4+ 30. Rxe4 Rf8+ 31. Ke3 Ref5 32. f4 R8f6 33. Rd3
Kh7 34. Rd7 Rh5 35. b4 cxb4 36. Rxb4 Rxh3+ 37. Ke4 Rxf4+ 0-1

[Event "AUT98_M-ch"]
[Site "Werfen"]
[Date "1998.08.10"]
[Round "3.4"]
[White "Schroll, Gerhard"]
[Black "Postl, Anton"]
[Result "1-0"]
[WhiteElo "2400"]
[BlackElo "2295"]
[PlyCount "63"]
[EventDate "1998.08.15"]

1. d4 Nf6 2. c4 g6 3. Nc3 Bg7 4. e4 d6 5. Be2 O-O 6. Bg5 c5 7. dxc5 dxc5 8.
Qxd8 Rxd8 9. e5 Nfd7 10. e6 Nf6 11. exf7+ Kxf7 12. Bf3 Ng4 13. Bd5+ Kf8 14.
Nge2 Nc6 15. h3 Nf6 16. Bxc6 bxc6 17. O-O Bf5 18. Rad1 Kf7 19. b3 Ne4 20. Nxe4
Bxe4 21. Rfe1 Bc2 22. Rc1 Bf5 23. g4 Bc8 24. Nc3 Re8 25. Ne4 h5 26. f3 a5 27.
Rc2 a4 28. Rce2 Bd4+ 29. Be3 axb3 30. axb3 Rf8 31. Ng5+ Kf6 32. Nh7+ 1-0

[Event "AUT98_M-ch"]
[Site "Werfen"]
[Date "1998.08.10"]
[Round "3.5"]
[White "Duer, Werner"]
[Black "Weiss, Christian"]
[Result "0-1"]
[WhiteElo "2310"]
[BlackElo "2370"]
[PlyCount "65"]
[EventDate "1998.08.15"]

1. Nf3 g6 2. d4 Bg7 3. e4 d6 4. c3 Nf6 5. Bd3 O-O 6. O-O Nc6 7. Nbd2 Nh5 8. Re1
Nf4 9. Bf1 e5 10. Nc4 f6 11. Ne3 Kh8 12. h3 Bd7 13. Kh2 Qc8 14. Ng1 f5 15. dxe5
fxe4 16. exd6 cxd6 17. Kh1 Ne5 18. Qc2 Ned3 19. Bxd3 Nxd3 20. Re2 Qc5 21. Nd1
Qh5 22. Be3 Rac8 23. Rd2 g5 24. Rxd3 exd3 25. Qxd3 g4 26. Kh2 Be5+ 27. g3 Rf6
28. Qe2 Rcf8 29. Qd2 Bc6 30. c4 Qf5 31. Qe2 Qe4 32. f3 Rxf3 33. Nxf3 0-1

[Event "AUT98_M-ch"]
[Site "Werfen"]
[Date "1998.08.10"]
[Round "3.6"]
[White "Baumegger, Siegfried"]
[Black "Neubauer, Martin "]
[Result "1-0"]
[WhiteElo "2360"]
[BlackElo "2305"]
[PlyCount "61"]
[EventDate "1998.08.15"]

1. d4 Nf6 2. c4 g6 3. Nc3 d5 4. cxd5 Nxd5 5. e4 Nxc3 6. bxc3 c5 7. Bb5+ Nc6 8.
d5 Qa5 9. Qa4 Qxc3+ 10. Ke2 Bg7 11. dxc6 O-O 12. Rb1 a6 13. Bd3 b5 14. Qa3 Be6
15. Qxc3 Bxc3 16. Bb2 Bxb2 17. Rxb2 c4 18. Bc2 c3 19. Rb4 Bxa2 20. Bb3 Bb1 21.
Nf3 a5 22. Rxb5 Bxe4 23. Bd5 Bxd5 24. Rxd5 a4 25. Rc5 a3 26. Rxc3 a2 27. Ra1
Rfc8 28. Nd4 e5 29. Nb5 Ra6 30. c7 Kf8 31. Rc2 1-0

[Event "AUT98_M-ch"]
[Site "Werfen"]
[Date "1998.08.10"]
[Round "3.7"]
[White "Brandner, Stefan"]
[Black "Casagrande, Harald"]
[Result "0-1"]
[WhiteElo "2340"]
[BlackElo "2360"]
[PlyCount "98"]
[EventDate "1998.08.15"]

1. e4 c6 2. d4 Na6 3. c4 d5 4. cxd5 cxd5 5. exd5 Nf6 6. Nc3 Nxd5 7. Nf3 e6 8.
Bb5+ Bd7 9. Bxd7+ Qxd7 10. Ne5 Nxc3 11. bxc3 Qb5 12. Qh5 g6 13. Qf3 f5 14. a4
Qd5 15. Qg3 Bd6 16. O-O Nc5 17. Bf4 Ne4 18. Qe3 g5 19. Bxg5 Bxe5 20. dxe5 Rg8
21. h4 Rc8 22. Rad1 Qxe5 23. f3 Rxc3 24. Qxa7 Qc5+ 25. Qxc5 Nxc5 26. Rb1 Kd7
27. Rf2 Ra8 28. a5 Rd3 29. Rb5 Rc3 30. Bd2 Rc4 31. Be3 Kc6 32. Rb6+ Kc7 33.
Bxc5 Rxc5 34. Rfb2 Ra7 35. Rxe6 Rcxa5 36. Re7+ Kc6 37. Rxh7 b5 38. Rh6+ Kc5 39.
Rf6 Rb7 40. Rxf5+ Kc4 41. h5 Ra1+ 42. Kf2 b4 43. g4 b3 44. h6 Rh1 45. Rxb3 Rxb3
46. g5 Kd4 47. Rf7 Rb5 48. Rg7 Ke5 49. h7 Kf4 0-1

[Event "AUT98_M-ch"]
[Site "Werfen"]
[Date "1998.08.10"]
[Round "3.8"]
[White "Moser, Guenter "]
[Black "Roth, Peter"]
[Result "1/2-1/2"]
[WhiteElo "2355"]
[BlackElo "2275"]
[PlyCount "54"]
[EventDate "1998.08.15"]

1. Nf3 e6 2. d4 b6 3. g3 Bb7 4. Bg2 Be7 5. O-O f5 6. c4 Bf6 7. d5 e5 8. Nc3 Ne7
9. e4 O-O 10. Re1 d6 11. Ng5 Bxg5 12. Bxg5 h6 13. Bxe7 Qxe7 14. exf5 Rxf5 15.
f4 Nd7 16. Bh3 Rf6 17. Bxd7 Qxd7 18. fxe5 dxe5 19. Rxe5 Raf8 20. Qe2 Qd6 21.
Re8 Qc5+ 22. Kh1 Rxe8 23. Qxe8+ Rf8 24. Qe2 Ba6 25. b3 Qd4 26. Qe6+ Kh8 27. Qe7
Kg8 1/2-1/2

[Event "AUT98_M-ch"]
[Site "Werfen"]
[Date "1998.08.10"]
[Round "3.10"]
[White "Hebesberger, Thomas"]
[Black "Kwatschewsky, Leo "]
[Result "0-1"]
[WhiteElo "2195"]
[BlackElo "2275"]
[PlyCount "116"]
[EventDate "1998.08.15"]

1. d4 Nf6 2. e3 d5 3. Bd3 g6 4. Nd2 Bg7 5. Ngf3 O-O 6. O-O Nc6 7. c3 e5 8. Be2
e4 9. Ne1 Ne7 10. b3 Re8 11. c4 c6 12. a4 a5 13. Ba3 h5 14. Bxe7 Qxe7 15. Nc2
Bg4 16. Ra2 Bf8 17. Bxg4 Nxg4 18. h3 Nh6 19. Qe2 Nf5 20. Rc1 Rec8 21. Rb1 Qg5
22. c5 Nh4 23. Ne1 b6 24. b4 Qd8 25. cxb6 Qxb6 26. b5 cxb5 27. Qxb5 Qe6 28. Nb3
Bb4 29. Nc5 Bxc5 30. dxc5 d4 31. Rab2 d3 32. g3 Nf5 33. Ng2 Qc6 34. Rc1 Nd6 35.
Qb6 Qxb6 36. Rxb6 d2 37. Rd1 Nc4 38. Rb5 Rc6 39. Nf4 Rd8 40. Kf1 Kg7 41. Ne2
Rd5 42. Nc3 Re5 43. Ke2 f5 44. Nb1 Rexc5 45. Nxd2 Nxd2 46. Rxd2 Rxb5 47. axb5
Rb6 48. Rb2 Kf6 49. Rc2 Ke6 50. Rc7 Kd5 51. h4 Rxb5 52. Ra7 Kc4 53. Ra6 Kb3 54.
Rxg6 a4 55. Ra6 a3 56. f3 a2 57. fxe4 fxe4 58. Kf2 Rb4 0-1

[Event "AUT98_M-ch"]
[Site "Werfen"]
[Date "1998.08.10"]
[Round "3.10"]
[White "Freitag, Manfred"]
[Black "Rogetzer, Klaus"]
[Result "1-0"]
[WhiteElo "2400"]
[BlackElo "2210"]
[PlyCount "41"]
[EventDate "1998.08.15"]

1. d4 Nf6 2. c4 g6 3. Nc3 Bg7 4. e4 d6 5. f4 O-O 6. Nf3 Na6 7. Bd3 Bg4 8. O-O
e5 9. fxe5 dxe5 10. d5 c6 11. Be3 Nh5 12. Re1 Bxf3 13. Qxf3 Nb4 14. Bb1 Qh4 15.
g3 Qe7 16. a3 Na6 17. Bc2 Nf6 18. Rad1 cxd5 19. exd5 Ne8 20. c5 f5 21. d6 1-0

[Event "AUT98_M-ch"]
[Site "Werfen"]
[Date "1998.08.10"]
[Round "3.11"]
[White "Hellmayr, Alois "]
[Black "Wittmann, Walter "]
[Result "1/2-1/2"]
[WhiteElo "2240"]
[BlackElo "2380"]
[PlyCount "94"]
[EventDate "1998.08.15"]

1. c4 g6 2. g3 Bg7 3. Bg2 c5 4. Nc3 Nc6 5. d3 d6 6. Bd2 e6 7. a3 Nge7 8. Rb1 a5
9. Qc1 Nf5 10. Bg5 f6 11. Bd2 Ra6 12. h4 Bd7 13. b3 h6 14. g4 Nfe7 15. Ne4 Bc8
16. Bc3 e5 17. Bh3 Be6 18. e3 Qd7 19. f3 Kd8 20. Nf2 f5 21. g5 hxg5 22. hxg5 d5
23. Bd2 b6 24. Bg2 Rxh1 25. Bxh1 Ke8 26. Bg2 Kf7 27. Ne2 Ra8 28. Kd1 Rh8 29.
Ke1 Rd8 30. Qc2 Rh8 31. Kf1 Rh5 32. cxd5 Nxd5 33. e4 Nde7 34. f4 Nd4 35. Nxd4
Qxd4 36. b4 axb4 37. axb4 c4 38. dxc4 Qxc4+ 39. Qxc4 Bxc4+ 40. Kg1 exf4 41.
Bxf4 fxe4 42. Bxe4 Nd5 43. Bd2 Bd4 44. Rc1 Bb5 45. Kg2 Rh4 46. Bf3 Nf4+ 47. Kg3
Bxf2+ 1/2-1/2